[Event "POR-ch (Women)"]
[Site "Vila Nova de Famalicao"]
[Date "2023.04.23"]
[Round "4"]
[White "Almeida, Marta Dias"]
[Black "Ryabukhina, Veronika"]
[Result "1-0"]
[WhiteElo "1557"]
[BlackElo "1481"]
[PlyCount "155"]
[EventDate "2023.04.22"]
[EventType "swiss"]
[EventRounds "6"]
[EventCountry "POR"]
[SourceTitle "CBM 213 Extra"]
[Source "ChessBase"]
[SourceDate "2023.05.31"]
[SourceVersion "1"]
[SourceVersionDate "2023.05.31"]
[SourceQuality "1"]

1. d4 d5 2. Nf3 Nf6 3. c4 e6 4. Nc3 Be7 5. Bf4 a6 6. e3 0-0 7. Be2 b6 8. 0-0 Bb7 9. Rc1 Nbd7 10. cxd5 exd5 11. Qb3 Rc8 12. a3 Re8 13. Nd2 Nf8 14. Bf3 h6 15. Na2 Bd6 16. Bxd6 Qxd6 17. Rc2 Re7 18. Rfc1 c5 19. dxc5 bxc5 20. Qd3 Qb6 21. Nc3 c4 22. Qf5 Rd8 23. Ne2 Ng6 24. Qh3 Bc8 25. Qg3 Bf5 26. Rc3 Qxb2 27. Nf1 Ne5 28. Rd1 Bg6 29. Rd2 Qb6 30. h3 Nd3 31. Nf4 Nxf4 32. Qxf4 Red7 33. Ng3 Qa5 34. Qd4 Ne4 35. Bg4 Rd6 36. Rcc2 Nxd2 37. Rxd2 Qxa3 38. Bf5 Qc1+ 39. Rd1 Qa3 40. Ra1 Qb4 41. Rb1 Qa5 42. Ra1 Qc7 43. h4 Rf6 44. Bxg6 fxg6 45. h5 Qb6 46. Qc3 Rf7 47. hxg6 Qxg6 48. Qa5 Rf6 49. Qxd8+ Kh7 50. Qxd5 Qc2 51. Qe4+ Qxe4 52. Nxe4 Rc6 53. Kf1 Kg6 54. Ke2 Kf5 55. Nc3 Ke6 56. Ne4 Kd5 57. f3 Ke6 58. Rxa6 Rxa6 59. Nc5+ Kd5 60. Nxa6 g5 61. Nb4+ Kc5 62. Nc2 Kd5 63. Kf2 h5 64. Kg3 c3 65. Kf2 Kc4 66. Ke2 h4 67. Na3+ Kb4 68. Kd3 Kb3 69. Nc2 Kb2 70. e4 Kb3 71. e5 Kb2 72. e6 Kb3 73. e7 Kb2 74. e8Q Kc1 75. Qa4 Kb2 76. Nb4 Kb1 77. Qc2+ Ka1 78. Qa2# 1-0

[Event "Maia op 5th"]
[Site "Maia"]
[Date "2021.09.01"]
[Round "3"]
[White "Morgado, Jorge"]
[Black "Almeida, Marta Dias"]
[Result "1/2-1/2"]
[WhiteElo "1376"]
[BlackElo "1152"]
[PlyCount "75"]
[EventDate "2021.08.30"]
[EventType "swiss"]
[EventRounds "7"]
[EventCountry "POR"]
[SourceTitle "CBM 204 Extra"]
[Source "ChessBase"]
[SourceDate "2021.11.30"]
[SourceVersion "1"]
[SourceVersionDate "2021.11.30"]
[SourceQuality "1"]

1. c4 c5 2. Nc3 d6 3. g3 Nc6 4. Bg2 Bd7 5. a3 a6 6. d3 g6 7. e3 Bg7 8. Nge2 Nf6 9. 0-0 0-0 10. Rb1 Qc8 11. Nf4 e5 12. Nfd5 Qd8 13. b4 cxb4 14. axb4 Nxd5 15. Nxd5 b5 16. Bb2 Rc8 17. Qb3 Bf5 18. Ra1 bxc4 19. dxc4 a5 20. b5 Rb8 21. Rfd1 e4 22. Bxg7 Kxg7 23. Qc3+ Ne5 24. Qd4 Bg4 25. Bxe4 Bxd1 26. Rxd1 f6 27. Nf4 Qd7 28. Qxd6 Qxd6 29. Rxd6 Rfc8 30. Nd5 Rxc4 31. f4 Rxe4 32. fxe5 Rxe5 33. Rd7+ Kf8 34. b6 Re6 35. b7 a4 36. Rxh7 Kg8 37. Rc7 Kf8 38. Rh7 1/2-1/2